000 00960nam a2200301 c 4500
999 _c30804
_d30804
003 BLK
005 20220225092034.0
008 180407b bul|||||r ||||||| ||bul||
010 _aKNG00033442000
040 _aBLK
041 _aBUL
_cBUL
072 7 _2bullib
_aК
_xКраезнание
080 _aБългарска литература
_b821.163.2
_x-1
_z821.163.2-1
100 1 _aЙорданов, Никола
_eпърви автор
_9271057
139 _aЙорданов, Никола
_bИ 83
245 1 0 _aЕмоционални светкавици
_bЛирика
_cНикола Йорданов.
257 _aBGR
260 _bИзд. авт.
_c2000
300 _a34 с.
_c21 см
380 _aX
500 _aДеп. списък: дарение
659 _aК
852 _aЦб 205962
852 _aК 821.163.2/И 83 П
856 4 _qpdf
856 4 _qpdf
942 _cKNG
_n0
_s1
944 _aCR
_c15.01.2003
_kРенета_Константинова
944 _aED
_c06.11.2014
999 _d30804